| 000 | 00834nam a2200205 a 4500 | ||
|---|---|---|---|
| 003 | 0 | ||
| 005 | 20250412110746.0 | ||
| 008 | 970101s19uu xx 00 eng d | ||
| 050 |
_aPGS HQ 76.27.Y6 _b.K49 2004 |
||
| 100 | _aKim, Hae Young. | ||
| 245 |
_aThe attitudes of Southville International School and Colleges' grade 5 students towards gays and lesbians / _cHae Young Kim. |
||
| 260 |
_aLas PiƱas City, Philippines : _bSouthville International School and Colleges, _c2004. |
||
| 300 |
_a31 pages : _bcolored illustrations ; _c28 cm. |
||
| 504 | _aIncludes bibliographical references. | ||
| 650 |
_aHomosexuality _vPublic opinion. |
||
| 650 |
_aChildren _vAttitudes toward homosexuality. |
||
| 650 |
_aStudent perception _vGays and lesbians. |
||
| 650 |
_aHomosexuality and children _zPhilippine setting. |
||
| 942 |
_2lcc _cPASS |
||
| 999 |
_c97002 _d97002 |
||